LEADER 01325nam a2200289 4500 001 000000364420 003 CaOOAMICUS 005 20250926170927.0 008 250919s1993 it 000 u ita r 020 $a88-339-0800-3 040 $aSeMil$bita 100 1 $aSchumpeter, Joseph Alois,$d<1883-1950>.$0(OLS)http://semarc/name/89983 245 12$aL'imprenditore e la storia dell'impresa :$bscritti 1927-1949 /$cJoseph A. Schumpeter ; a cura di Alfredo Salsano. 264 1$aTorino :$bBollati Boringhieri,$c1993. 300 $aXXVII, 144 p. ;$c20 cm 490 1 $aL'Età moderna ;$v11 650 4$aImprenditorialità.$0(OLS)http://semarc/subject/55235 650 4$aImpresa - Storia.$0(OLS)http://semarc/subject/58605 700 1 $aSalsano, Alfredo,$d<1939-2004>.$0(OLS)http://semarc/name/8753 830 2$aL'Età moderna ;$v11.$0(OLS)http://semarc/title/329446 850 $aSeMil 852 $aSeMil$W1$xVenegono$y1$m3M I 422$j262426$B255287$CSeMilBibl$Z2$F255287 $81 961 $aBuzzi mons. Franco - Omaggio 996 $6020$a88-339-0800-3$9(OLS)http://semarc/number/304167 996 $6245$aL'imprenditore e la storia dell'impresa :$bscritti 1927-1949$9(OLS)http://semarc/title/455791 996 $6264$aTorino :$bBollati Boringhieri$9(OLS)http://semarc/publisher/31556 LEADER 01073nam a2200205 i 4500 001 000000234923 003 CaOOAMICUS 005 20200706132724.0 008 141024s1759 it u000 u fre u 013 $a213826 026 $an-n- lale ens- tedo (3) 1759 (R) 040 $aSeMil$bita 245 10$a5: F-HH. 300 $a[4], 422, 663, [1] p. 500 $aSegn.: pg2 A-3G4, [2]A-4O4 (3G4 bianca) 773 0 $aMoréri, Louis <1643-1680>$tGrand dictionnaire historique, ou le mélange curieux de l'histoire sacrée et profane, qui contient en abrégé l'histoire fabuleuse des dieux & des héros de l'antiquité paienne: les vies et les actions ... Par M.re Louis Moréri ... Tome 1. [-10.].$dA Paris : Chez Libraires Associés, 1759.$bNouvelle edition, dans laquelle on a refondu les Supplémens de m. l'abbé Goujet. Le tout revu, corrigé & augmenté par m. Drouet$g5$w()30808 850 $aSeMil 852 $aSeMil$W1$xVenegono$y1$m1X VIII 5 FA$j185269$B185269$CSeMilBibl$Z2$F196152 $8I 996 $6245$a5: F-HH$9(OLS)http://semarc/title/335115